Detalles MARC
| 000 -LEADER |
| fixed length control field |
02301nam a2200433Ii 4500 |
| 001 - CONTROL NUMBER |
| control field |
DIGTRO05010 |
| 003 - CONTROL NUMBER IDENTIFIER |
| control field |
NyNyDIG |
| 006 - FIXED-LENGTH DATA ELEMENTS--ADDITIONAL MATERIAL CHARACTERISTICS |
| fixed length control field |
m o d |
| 007 - PHYSICAL DESCRIPTION FIXED FIELD--GENERAL INFORMATION |
| fixed length control field |
cr ||||||||||| |
| 008 - FIXED-LENGTH DATA ELEMENTS--GENERAL INFORMATION |
| fixed length control field |
131101s1996 sp ob 001 0 spa d |
| 020 ## - INTERNATIONAL STANDARD BOOK NUMBER |
| International Standard Book Number |
9788498794090 |
| Qualifying information |
(eBook) |
| 020 ## - INTERNATIONAL STANDARD BOOK NUMBER |
| Canceled/invalid ISBN |
8487699480 (obra completa) |
| 020 ## - INTERNATIONAL STANDARD BOOK NUMBER |
| Canceled/invalid ISBN |
9788487699481 (obra completa) |
| 020 ## - INTERNATIONAL STANDARD BOOK NUMBER |
| Canceled/invalid ISBN |
8481641081 (vol. 10) |
| 020 ## - INTERNATIONAL STANDARD BOOK NUMBER |
| Canceled/invalid ISBN |
9788481641080 (vol. 10) |
| 035 ## - SYSTEM CONTROL NUMBER |
| System control number |
(OCoLC)948078087 |
| 040 ## - CATALOGING SOURCE |
| Original cataloging agency |
DGITA |
| Language of cataloging |
eng |
| Description conventions |
pn |
| Transcribing agency |
DGITA |
| 050 14 - LIBRARY OF CONGRESS CALL NUMBER |
| Classification number |
JA71 eBook |
| 245 00 - TITLE STATEMENT |
| Title |
Filosofía política. |
| Number of part/section of a work |
II |
| Name of part/section of a work |
Teoría del Estado / |
| Statement of responsibility, etc. |
edición de Elías Díaz y Alfonso Ruiz Miguel. |
| 264 #1 - PRODUCTION, PUBLICATION, DISTRIBUTION, MANUFACTURE, AND COPYRIGHT NOTICE |
| Place of production, publication, distribution, manufacture |
Madrid : |
| Name of producer, publisher, distributor, manufacturer |
Editorial Trotta : |
| -- |
Consejo Superior de Investigaciones Cientificas, |
| Date of production, publication, distribution, manufacture, or copyright notice |
1996. |
| 300 ## - PHYSICAL DESCRIPTION |
| Extent |
1 online resource (272 pages) |
| 336 ## - CONTENT TYPE |
| Content type term |
text |
| Content type code |
txt |
| Source |
rdacontent |
| 337 ## - MEDIA TYPE |
| Media type term |
computer |
| Media type code |
c |
| Source |
rdamedia |
| 338 ## - CARRIER TYPE |
| Carrier type term |
online resource |
| Carrier type code |
cr |
| Source |
rdacarrier |
| 490 1# - SERIES STATEMENT |
| Series statement |
Enciclopedia iberoamericana de filosofía ; |
| Volume/sequential designation |
10. |
| 504 ## - BIBLIOGRAPHY, ETC. NOTE |
| Bibliography, etc. note |
Includes bibliographical references and indexes. |
| 505 0# - FORMATTED CONTENTS NOTE |
| Formatted contents note |
Presentación / Elías Díaz y Alfonso Ruiz Miguel -- Teoría del Estado / Ramón Cotarelo -- Estado moderno / Ignacio Sotelo -- Constitución / Francisco Tomás y Valiente -- Estado de Derecho / Elías Díaz -- Gobierno y Administración / Manuel Aragón -- Totalitarismo / Raúl Morodo -- Pueblo / Pablo González Casanova -- Sociedad civil / Salvador Giner -- Opinión pública / Juan José Solozábal Echavarría -- Producción de normas / Virgilio Zapatero Gómez -- Cambio político / José Fernández Santillán -- Emancipación / Rafael del Águila -- Ideología / Enrique E. Marí -- Nacionalismo / Andrés de Bias Guerrero -- Paz y guerra / Alfonso Ruiz Miguel -- Índice analítico -- Índice de nombres -- Nota biográfica de autores. |
| 650 #0 - SUBJECT ADDED ENTRY--TOPICAL TERM |
| Topical term or geographic name entry element |
Political science |
| General subdivision |
Philosophy. |
| 650 #0 - SUBJECT ADDED ENTRY--TOPICAL TERM |
| Topical term or geographic name entry element |
State, The. |
| 655 #0 - INDEX TERM--GENRE/FORM |
| Genre/form data or focus term |
Electronic books. |
| 700 1# - ADDED ENTRY--PERSONAL NAME |
| Personal name |
Díaz, Elías. |
| 700 1# - ADDED ENTRY--PERSONAL NAME |
| Personal name |
Ruiz Miguel, Alfonso. |
| 791 2# - |
| -- |
Digitalia (Firm), |
| -- |
distributor. |
| 793 0# - |
| -- |
Digitalia eBook Collection: |
| -- |
Trotta Editorial. |
| 830 #0 - SERIES ADDED ENTRY--UNIFORM TITLE |
| Uniform title |
Enciclopedia iberoamericana de filosofía ; |
| Volume/sequential designation |
10. |
| 856 40 - ELECTRONIC LOCATION AND ACCESS |
| Materials specified |
Digitalia Hispánica |
| Uniform Resource Identifier |
<a href="https://www.digitaliapublishing.com/a/18828/">https://www.digitaliapublishing.com/a/18828/</a> |
| 910 ## - USER-OPTION DATA (OCLC) |
| User-option data |
Premium Collection: 2007-2012 |
| 942 ## - ADDED ENTRY ELEMENTS (KOHA) |
| Koha item type |
Recurso Electrónico |